Southville International School and Colleges
Your cart is empty.
  • Cart
  • Lists
    Public lists Eva Luna New books Lux_list list_1
    Your lists Log in to create your own lists
  • Log in to your account
  • Your cookies
  • Search history
Southville International School and Colleges
  • Advanced search
  • Recent comments
  • Most popular
  • Libraries

Log in to your account

Log in with GOOGLE


If you do not have an external account, but do have a local account, you can still log in:

  1. Home
  2. MARC view: Is there a family in the house? :
Normal view MARC view ISBD view

Is there a family in the house? : (Record no. 8760)

[ view plain ]
MARC details
000 -LEADER
fixed length control field 00768cam a2200253 i 4500
001 - CONTROL NUMBER
control field 376831
003 - CONTROL NUMBER IDENTIFIER
control field SISC
005 - DATE AND TIME OF LATEST TRANSACTION
control field 20160404102925.0
008 - FIXED-LENGTH DATA ELEMENTS--GENERAL INFORMATION
fixed length control field 780728s1978 txu 000 0 eng
010 ## - LIBRARY OF CONGRESS CONTROL NUMBER
LC control number 78058548
020 ## - INTERNATIONAL STANDARD BOOK NUMBER
International Standard Book Number 084990109X :
Terms of availability $6.95
040 ## - CATALOGING SOURCE
Original cataloging agency DLC
Transcribing agency DLC
Modifying agency DLC
050 00 - LIBRARY OF CONGRESS CALL NUMBER
Classification number HQ 734
Item number .C433 1978
082 00 - DEWEY DECIMAL CLASSIFICATION NUMBER
Classification number HS 301.42
Item number C34 1978
100 1# - MAIN ENTRY--PERSONAL NAME
Personal name Chafin, Kenneth.
9 (RLIN) 11017
245 10 - TITLE STATEMENT
Title Is there a family in the house? :
Remainder of title a realistic and hopeful look at marriage and the family today /
Statement of responsibility, etc Kenneth Chafin.
260 ## - PUBLICATION, DISTRIBUTION, ETC. (IMPRINT)
Place of publication, distribution, etc Waco, Texas. :
Name of publisher, distributor, etc Word Books Inc.,
Date of publication, distribution, etc c1978.
300 ## - PHYSICAL DESCRIPTION
Extent 158 p. ;
Dimensions 21 cm.
650 #0 - SUBJECT ADDED ENTRY--TOPICAL TERM
Topical term or geographic name as entry element Marriage.
9 (RLIN) 10429
650 #0 - SUBJECT ADDED ENTRY--TOPICAL TERM
Topical term or geographic name as entry element Families.
9 (RLIN) 11018
906 ## - LOCAL DATA ELEMENT F, LDF (RLIN)
a 7
b cbc
c orignew
d 2
e ocip
f 19
g y-gencatlg
942 ## - ADDED ENTRY ELEMENTS (KOHA)
Source of classification or shelving scheme Library of Congress Classification
Koha item type Books
Holdings
Withdrawn status Lost status Source of classification or shelving scheme Damaged status Home library Current library Shelving location Date acquired Total Checkouts Full call number Barcode Date last seen Date checked out Copy number Price effective from Koha item type
    Library of Congress Classification   Luxembourg Library Luxembourg Library High School Section 08/15/2013 3 HQ 734 .C433 1978 0145 04/04/2016 04/20/2015 1 08/15/2013 Books

Is there a family in the house? :

APA

Chafin K., . (1978). Is there a family in the house?. Waco, Texas: Word Books Inc.

Chicago

Chafin Kenneth, . 1978. Is there a family in the house?. Waco, Texas: Word Books Inc.

Harvard

Chafin K., . (1978). Is there a family in the house?. Waco, Texas: Word Books Inc.

MLA

Chafin Kenneth, . Is there a family in the house?. Waco, Texas: Word Books Inc. 1978.

  • Place hold
  • Print
  • Cite
  • Add to your cart (remove)
  • Save record
    BIBTEX Dublin Core MARCXML MARC (non-Unicode/MARC-8) MARC (Unicode/UTF-8) MARC (Unicode/UTF-8, Standard) MODS (XML) RIS
  • More searches
    Search for this title in:
    Other Libraries (WorldCat) Other Databases (Google Scholar) Online Stores (Bookfinder.com) Open Library (openlibrary.org)

Exporting to Dublin Core...

SOUTHVILLE LIBRARY

Southville International School and Colleges Library

1281 Tropical Ave. Cor. Luxembourg St., BF Homes International, Las Pinas City

Tel. No. 8256374 / 252358 Loc. 117/146

Powered by Koha